| 000 | 01057njm a2200301 c 4500 | ||
|---|---|---|---|
| 003 | BLK | ||
| 005 | 20241022130024.0 | ||
| 008 | 180410b bul||n||s|||||||| n|bulo| | ||
| 010 | _aCDD00003489000 | ||
| 040 | _aBLK | ||
| 041 |
_aBUL _cDRU |
||
| 100 | 1 |
_aMendelssohn-Bartoldy, Felix _eпърви автор _918406 |
|
| 139 |
_aMendelssohn-Bartoldy, Felix _bM 55 |
||
| 245 | 1 | 0 |
_aSonata in re maggiore op. 58 per violoncello e pianoforte [аудио CD] _cFelix Mendelssohn-Bartoldy. |
| 245 | 1 | 0 | _aSonata in si bemolle maggiore op. 45 per violoncello e pianoforte |
| 245 | 1 | 0 | _aLied ohne Worte in re maggiore op. 109 per violoncello e pianoforte |
| 245 | 1 | 0 | _aVariations concertantes in re maggiore op. 17 per violoncello e pianoforte |
| 257 | _aBGR | ||
| 260 |
_аMilano _bсп. Amadeus _c2008 |
||
| 380 | _a7 | ||
| 590 | _aS.N: 89857 от КНИГИ | ||
| 852 |
_aЦб CD 2175 _p0 |
||
| 856 | 4 |
_qpdf _u |
|
| 856 | 4 |
_qpdf _u |
|
| 942 |
_cCDD _n0 |
||
| 944 |
_aCR _c11.06.2009 _k30560 _lГеновева Генчева |
||
| 944 |
_aED _c11.06.2009 _k |
||
| 999 |
_c221003 _d221003 |
||